| 000 | 00469nam a2200181Ia 4500 | ||
|---|---|---|---|
| 005 | 20250423101214.0 | ||
| 008 | 250422s9999 xx 000 0 und d | ||
| 020 | _a9781853262432 | ||
| 050 | _aPR 2804 .S53/ | ||
| 100 | _aShakespeare, William | ||
| 245 | 4 | _aThe comedy of errors | |
| 260 | _aOxford | ||
| 260 | _bPenguin Books | ||
| 260 | _c1995 | ||
| 300 | _a73 p | ||
| 650 | _aShakespeare, William, 1564-1616, the comedy of errors_Concordances. | ||
| 942 | _cBK | ||
| 999 |
_c35606 _d35606 |
||